000 00785nam a22002177a 4500
999 _c3531
_d3531
003 AR-CdUCM
008 190306b ||||| |||| 00| 0 esp d
020 _aISBN
040 _aMUNICIPALIDAD PROVINCIAL DEL CUSCO
_cBIBLIOTECA MUNICIPAL DEL CUSCO
082 _a891.028 /
_bK76
245 _aTres obras teatrales /
260 _aMoscú :
_ben lenguas extranjeras,
300 _a267 paginas;
_c20 cm.
505 _aContenido: A. Korneichuk, Platón Krechet. (Tr. I. Vicente) -- A. Arbúzov, Tania. (Tr. A. Kantoróvskaia) -- L. Leónov, Invasión. (Redacción de F. Pita).
650 _aTeatro ruso
_911509
700 _aKorneichuk, Alexandr,
_911570
700 _aArbuzov, Alexéi,
_911571
700 _aLeónov, Leonid Maksinovich,
_911572
942 _2ddc
_cLIBROS
945 _aacrt